[Event "Zelenograd-ch"]
[Site "Zelenograd"]
[Date "2016.09.26"]
[Round "11"]
[White "Davydov, Evgeny"]
[Black "Fomichev, Sergey1"]
[Result "1/2-1/2"]
[WhiteElo "1952"]
[BlackElo "2051"]
[PlyCount "60"]
[EventDate "2016.09.19"]
[EventType "swiss"]
[EventRounds "11"]
[EventCountry "RUS"]
[SourceTitle "EXT 2017"]
[Source "ChessBase"]
[SourceDate "2016.10.25"]
[SourceVersion "1"]
[SourceVersionDate "2016.10.25"]
[SourceQuality "1"]

1. d4 d5 2. Nf3 Bf5 3. c4 e6 4. cxd5 exd5 5. Nc3 c6 6. e3 Nf6 7. Bd3 Bg6 8. Ne5 Bd6 9. f4 Ne4 10. 0-0 Bxe5 11. fxe5 Ng5 12. Bf5 Ne6 13. e4 0-0 14. Be3 Na6 15. exd5 cxd5 16. Bxg6 hxg6 17. Qd2 Nac7 18. Rf2 Qd7 19. Raf1 Rac8 20. Qd1 Nb5 21. Qa4 a6 22. Rc1 Rc4 23. Qd1 Rfc8 24. Nxb5 Qxb5 25. Rxc4 Qxc4 26. b3 Qb4 27. Qf3 Rc7 28. Rf1 Qb5 29. h3 Qd3 30. Rd1 Qb5 1/2-1/2

[Event "Zelenograd-ch"]
[Site "Zelenograd"]
[Date "2016.09.25"]
[Round "10"]
[White "Smirnov, Andrey"]
[Black "Davydov, Evgeny"]
[Result "1-0"]
[WhiteElo "2142"]
[BlackElo "1952"]
[PlyCount "73"]
[EventDate "2016.09.19"]
[EventType "swiss"]
[EventRounds "11"]
[EventCountry "RUS"]
[SourceTitle "EXT 2017"]
[Source "ChessBase"]
[SourceDate "2016.10.25"]
[SourceVersion "1"]
[SourceVersionDate "2016.10.25"]
[SourceQuality "1"]

1. d4 Nf6 2. c4 e6 3. Nc3 d5 4. Nf3 c6 5. Bg5 dxc4 6. e4 b5 7. Qc2 h6 8. Bh4 g5 9. Bg3 Bb7 10. Be2 Nbd7 11. 0-0 Qb6 12. a4 a6 13. a5 Qd8 14. h4 Rg8 15. hxg5 hxg5 16. e5 Nd5 17. Ne4 Be7 18. Nh2 c5 19. dxc5 Nxc5 20. Nd6+ Bxd6 21. exd6 Nf4 22. Bf3 Bxf3 23. Nxf3 Qxd6 24. Rfd1 Ncd3 25. b3 Qc6 26. bxc4 bxc4 27. Bxf4 Nxf4 28. Rd4 Rc8 29. Qh7 Ke7 30. Re1 c3 31. Rde4 c2 32. Ne5 c1Q 33. Qxf7+ Kd6 34. Nxc6 Qxc6 35. Rd4+ Qd5 36. Rxd5+ exd5 37. Qe7+ 1-0

[Event "Zelenograd-ch"]
[Site "Zelenograd"]
[Date "2016.09.22"]
[Round "7"]
[White "Shajakhmetov, Linat"]
[Black "Davydov, Evgeny"]
[Result "0-1"]
[WhiteElo "2093"]
[BlackElo "1952"]
[PlyCount "80"]
[EventDate "2016.09.19"]
[EventType "swiss"]
[EventRounds "11"]
[EventCountry "RUS"]
[SourceTitle "EXT 2017"]
[Source "ChessBase"]
[SourceDate "2016.10.25"]
[SourceVersion "1"]
[SourceVersionDate "2016.10.25"]
[SourceQuality "1"]

1. d4 Nf6 2. Bf4 d6 3. e3 g6 4. Nf3 Bg7 5. Be2 0-0 6. 0-0 Nbd7 7. h3 Re8 8. c4 c5 9. Nc3 Qa5 10. Qc2 a6 11. d5 Rb8 12. a4 Nh5 13. Bh2 Qb4 14. a5 b5 15. cxb5 axb5 16. Ne1 c4 17. Bxh5 gxh5 18. Nf3 Nc5 19. Nd4 Bd7 20. Qe2 Na4 21. Nd1 Qxa5 22. Qxh5 Qd2 23. Nf3 Qd3 24. Ng5 Qg6 25. Qxg6 hxg6 26. Rb1 Nc5 27. g4 b4 28. f3 Ba4 29. Rc1 Bb3 30. Ne4 Nd3 31. Rb1 Bc2 32. Ra1 Nxb2 33. Nxb2 Bxb2 34. Rae1 Bxe4 35. fxe4 c3 36. e5 Rb6 37. Re2 b3 38. Rxb2 cxb2 39. Rb1 Ra8 40. Rxb2 Ra1+ 0-1

[Event "Zelenograd-ch"]
[Site "Zelenograd"]
[Date "2016.09.20"]
[Round "3"]
[White "Marievsky, Maxim"]
[Black "Davydov, Evgeny"]
[Result "0-1"]
[WhiteElo "1936"]
[BlackElo "1952"]
[PlyCount "72"]
[EventDate "2016.09.19"]
[EventType "swiss"]
[EventRounds "11"]
[EventCountry "RUS"]
[SourceTitle "EXT 2017"]
[Source "ChessBase"]
[SourceDate "2016.10.25"]
[SourceVersion "1"]
[SourceVersionDate "2016.10.25"]
[SourceQuality "1"]

1. e4 e5 2. Nf3 Nc6 3. d4 exd4 4. Nxd4 Nf6 5. Nxc6 bxc6 6. e5 Qe7 7. Qe2 Nd5 8. c4 Nb6 9. Nc3 Qe6 10. f4 a5 11. Qe4 g6 12. Be3 Ba6 13. c5 Nd5 14. Nxd5 cxd5 15. Qf3 Bb7 16. Qf2 f6 17. Bd4 Bg7 18. Qe2 fxe5 19. fxe5 0-0 20. 0-0-0 Rf4 21. Qb5 Bc6 22. Qb3 a4 23. Qc3 Re8 24. g3 Rxd4 25. Qxd4 Bxe5 26. Qb4 Kg7 27. Bd3 Qg8 28. Rhe1 Rb8 29. Qxb8 Qxb8 30. Rxe5 Qb4 31. Rde1 a3 32. R1e2 axb2+ 33. Kb1 Qc3 34. Bc2 d4 35. Rf2 d3 36. Re7+ Kh6 0-1

[Event "Zelenograd-ch"]
[Site "Zelenograd"]
[Date "2016.09.19"]
[Round "1"]
[White "Ionov, Yuri"]
[Black "Davydov, Evgeny"]
[Result "0-1"]
[WhiteElo "1962"]
[BlackElo "1952"]
[PlyCount "139"]
[EventDate "2016.09.19"]
[EventType "swiss"]
[EventRounds "11"]
[EventCountry "RUS"]
[SourceTitle "EXT 2017"]
[Source "ChessBase"]
[SourceDate "2016.10.25"]
[SourceVersion "1"]
[SourceVersionDate "2016.10.25"]
[SourceQuality "1"]

1. d4 Nf6 2. c4 e6 3. Nc3 Bb4 4. a3 Bxc3+ 5. bxc3 0-0 6. Bg5 h6 7. Bh4 Qe7 8. e3 d6 9. Bd3 Re8 10. Qc2 Nbd7 11. f3 e5 12. e4 Nf8 13. Ne2 Ng6 14. Bf2 c5 15. Rb1 Nh5 16. Bg3 Nxg3 17. hxg3 exd4 18. cxd4 cxd4 19. Nxd4 Qe5 20. Ne2 Qa5+ 21. Qc3 Qc7 22. Qd4 Ne5 23. 0-0 Be6 24. Rfc1 Qc5 25. Qxc5 dxc5 26. Nf4 Rad8 27. Bf1 b6 28. Nd5 Nc6 29. a4 Rd7 30. Kf2 f5 31. Rd1 fxe4 32. fxe4 Rf7+ 33. Kg1 Bc8 34. Nc3 Nd4 35. Re1 Ba6 36. Nb5 Rd7 37. Rbd1 Red8 38. Nc3 Nc2 39. Rxd7 Rxd7 40. Rc1 Nb4 41. Nd5 Nc6 42. Kf2 Ne5 43. Ke3 Kf7 44. Be2 Ke6 45. g4 Rf7 46. g3 Bc8 47. Nf4+ Kd6 48. a5 bxa5 49. Ra1 Bxg4 50. Rxa5 Bxe2 51. Ra6+ Nc6 52. Nxe2 Rb7 53. e5+ Kc7 54. Ke4 Rb2 55. Nf4 Kb7 56. Ra3 Rd2 57. Nd3 Kc7 58. Kd5 Nb4+ 59. Ke4 Rxd3 60. Rxa7+ Kc6 61. Rxg7 Rd4+ 62. Kf5 Rxc4 63. Rg6+ Kb5 64. Rxh6 Rc1 65. g4 c4 66. Rh3 Nd5 67. g5 Kc5 68. g6 Ne7+ 69. Kf6 Nxg6 70. Kxg6 0-1